[Event "Ostravský koník 2014 - FIDE Open B"]
[Site "Ostrava, CZE"]
[Date "2014.05.01"]
[Round "6"]
[White "Brzezny, Petr"]
[Black "Müller, Leo"]
[Result "1-0"]
[WhiteElo "1618"]
[BlackElo "1873"]
[PlyCount "80"]

1. c4 Nf6 2. Nc3 e5 3. d3 d5 4. cxd5 Nxd5 5. g3 Bb4 6. Bd2 Bg4 7. Bg2 c6 8. Qa4
a5 9. Nxd5 b5 10. Qc2 Bxd2+ 11. Qxd2 cxd5 12. Nf3 Nd7 13. Qg5 Qxg5 14. Nxg5 Nf6
15. Rc1 Rb8 16. h3 Bf5 17. Nf3 e4 18. Nd4 Bd7 19. Kd2 a4 20. Rc7 O-O 21. Rhc1
Rfd8 22. Nc6 Bxc6 23. R7xc6 Nd7 24. Rd6 Nb6 25. Rxd8+ Rxd8 26. Rc5 b4 27. Rb5
Rb8 28. b3 axb3 29. axb3 f5 30. Rxb4 Nc4+ 31. Kc3 Rxb4 32. Kxb4 Nb2 33. dxe4
dxe4 34. Kc5 Kf7 35. Kc6 Ke6 36. b4 g5 37. b5 Nc4 38. Bf1 f4 39. b6 e3 40. fxe3
Na5+ 1-0

[Event "Ostravský koník 2014 - FIDE Open B"]
[Site "Ostrava, CZE"]
[Date "2014.05.01"]
[Round "6"]
[White "Bergloviec, Jan"]
[Black "Cech, Jan"]
[Result "1/2-1/2"]
[WhiteElo "1869"]
[BlackElo "1615"]
[PlyCount "115"]

1. d4 d6 2. Nf3 Bg4 3. e4 Nf6 4. Bd3 g6 5. O-O Bg7 6. h3 Bxf3 7. Qxf3 c6 8. Nd2
O-O 9. Re1 Nbd7 10. c4 e5 11. d5 cxd5 12. cxd5 Nc5 13. b4 Nxd3 14. Qxd3 Nh5 15.
Nf3 Nf4 16. Bxf4 exf4 17. Rac1 Qb6 18. Rc4 Rac8 19. Rec1 Rxc4 20. Qxc4 Re8 21.
a4 a6 22. a5 Qd8 23. Qc7 Qxc7 24. Rxc7 Rxe4 25. Rxb7 Bc3 26. b5 axb5 27. Rxb5
Ra4 28. Rb6 Rxa5 29. Rxd6 Ra1+ 30. Kh2 Kf8 31. Rc6 Be1 32. Rc2 Rd1 33. Re2 Bb4
34. Rb2 Bc5 35. Rc2 Rxd5 36. h4 f6 37. Kh3 Kf7 38. Kg4 Bd6 39. Rd2 h5+ 40. Kh3
Rxd2 41. Nxd2 Ke6 42. f3 f5 43. Nc4 Bc7 44. Kh2 Kd5 45. Nd2 Kd4 46. Kh3 Kc3 47.
Nb1+ Kb4 48. Nd2 Ba5 49. g3 Kc3 50. Nf1 Bc7 51. g4 fxg4+ 52. fxg4 Kd3 53. gxh5
gxh5 54. Kg2 Ke2 55. Nh2 Bd8 56. Nf3 Bf6 57. Ng1+ Ke3 58. Nf3 1/2-1/2

[Event "Ostravský koník 2014 - FIDE Open B"]
[Site "Ostrava, CZE"]
[Date "2014.05.01"]
[Round "6"]
[White "Bok, Zdenek"]
[Black "Hanak, Tomas"]
[Result "0-1"]
[WhiteElo "1502"]
[BlackElo "1757"]
[PlyCount "48"]

1. f4 d5 2. d4 Nf6 3. Nf3 e6 4. e3 Be7 5. Bd3 O-O 6. O-O c5 7. c3 Nbd7 8. Nbd2
b6 9. Ne5 Bb7 10. Ndf3 a6 11. Bd2 b5 12. Nxd7 Qxd7 13. Ne5 Qd6 14. Qf3 Rac8 15.
Be1 cxd4 16. cxd4 b4 17. Bh4 Ne4 18. Bxe7 Qxe7 19. Bxe4 dxe4 20. Qg3 f5 21.
Rac1 b3 22. axb3 Qb4 23. Nd7 Qd2 24. Qf2 Qxc1 0-1

[Event "Ostravský koník 2014 - FIDE Open B"]
[Site "Ostrava, CZE"]
[Date "2014.05.01"]
[Round "6"]
[White "Vinklarek, Robert"]
[Black "Skrle, Vladimir"]
[Result "1/2-1/2"]
[WhiteElo "1752"]
[BlackElo "1830"]
[PlyCount "67"]

1. d4 d5 2. c4 dxc4 3. Nc3 e5 4. d5 c6 5. e4 Nf6 6. Bxc4 Bb4 7. Qb3 Bxc3+ 8.
bxc3 O-O 9. Ba3 b5 10. Bd3 Re8 11. Rd1 Qb6 12. dxc6 Qxc6 13. Bxb5 Qxe4+ 14. Ne2
Nbd7 15. Bc4 Qg6 16. Bd6 Ne4 17. Bd5 Ba6 18. Bxa8 Rxa8 19. Qd5 Nb6 20. Qa5 Qxg2
21. Rf1 Bc4 22. Qxe5 Qf3 23. Ng1 Qg4 24. h3 Qg2 25. Ne2 Na4 26. Bb8 h6 27. Rd8+
Kh7 28. Qf5+ Qg6 29. Qf3 Qe6 30. Qe3 Nexc3 31. Qxe6 Bxe6 32. Nxc3 Nxc3 33. Rg1
Nxa2 34. Be5 1/2-1/2

[Event "Ostravský koník 2014 - FIDE Open B"]
[Site "Ostrava, CZE"]
[Date "2014.05.01"]
[Round "6"]
[White "Balon, Rene"]
[Black "Semancik, David"]
[Result "0-1"]
[WhiteElo "1759"]
[BlackElo "1721"]
[PlyCount "56"]

1. d4 d5 2. c4 dxc4 3. Nf3 Nf6 4. e3 e6 5. Bxc4 c5 6. O-O Nc6 7. Nc3 cxd4 8.
exd4 Be7 9. Re1 O-O 10. a3 a6 11. Bb3 b5 12. Bc2 Bb7 13. Qd3 g6 14. Bh6 Re8 15.
Rad1 b4 16. Ne2 bxa3 17. bxa3 Nd5 18. Ng3 Qd6 19. Bc1 Rec8 20. Ne4 Qc7 21. Bb3
Na5 22. Nfg5 Nxb3 23. Qxb3 Nf6 24. Nxf7 Bd5 25. Nh6+ Kg7 26. Qd3 Nxe4 27. Rxe4
Bxe4 28. Qxe4 Qxc1 0-1

[Event "Ostravský koník 2014 - FIDE Open B"]
[Site "Ostrava, CZE"]
[Date "2014.05.01"]
[Round "6"]
[White "Zizka, Radim"]
[Black "Safarik, Roman"]
[Result "0-1"]
[WhiteElo "1687"]
[BlackElo "1739"]
[PlyCount "54"]

1. e4 e6 2. d4 c5 3. dxc5 Bxc5 4. Bd3 Qb6 5. Qe2 Nc6 6. c3 Ne5 7. Bc2 Nf6 8.
Nd2 O-O 9. Nb3 Be7 10. Nf3 Nxf3+ 11. Qxf3 e5 12. Be3 Qc7 13. O-O d6 14. h3 b6
15. Qe2 Bb7 16. f3 d5 17. exd5 Nxd5 18. Bf2 Nf4 19. Qe1 Rad8 20. Rd1 Rxd1 21.
Bxd1 Ba6 22. Bc2 f5 23. Bg3 Ne2+ 24. Kh2 Nxg3 25. Kxg3 Qc4 26. Kf2 f4 27. Nd2
Bc5+ 0-1

[Event "Ostravský koník 2014 - FIDE Open B"]
[Site "Ostrava, CZE"]
[Date "2014.05.01"]
[Round "6"]
[White "Soukup, Ondrej"]
[Black "Kaplita, Ladislav"]
[Result "0-1"]
[WhiteElo "1250"]
[BlackElo "1678"]
[PlyCount "108"]

1. e4 c6 2. d4 d5 3. Nc3 dxe4 4. Nxe4 Nf6 5. Ng3 e5 6. Nf3 exd4 7. Qxd4 Qxd4 8.
Nxd4 Bc5 9. Be3 O-O 10. Rd1 Nbd7 11. Bd3 Nb6 12. h3 Nfd5 13. O-O Nxe3 14. fxe3
Nd5 15. Kf2 Be6 16. c4 Nb4 17. b3 Nxa2 18. Ne4 Bxd4 19. exd4 Nb4 20. Nd6 b5 21.
g4 Rfd8 22. Nf5 Nxd3+ 23. Rxd3 bxc4 24. Rc3 cxb3 25. Ne7+ Kh8 26. Nxc6 Rdc8 27.
Rfc1 b2 28. Rb1 Bd5 29. Ne7 Rxc3 30. Nxd5 Rd3 31. Rxb2 Rxd4 32. Ne7 Rd7 33. Nc6
g6 34. Ra2 Rc8 35. Ne5 Rdc7 36. Kf3 Kg7 37. Kf4 a5 38. h4 f6 39. Nf3 Rc4+ 40.
Kg3 a4 41. Rd2 R4c7 42. g5 a3 43. Kg4 Rc4+ 44. Kg3 R8c7 45. Rf2 Rc2 46. Rf1 a2
47. gxf6+ Kf8 48. Ng5 Ra7 49. Ne6+ Kg8 50. Ra1 Rb2 51. Rc1 a1=Q 52. Rc8+ Kf7
53. Ng5+ Kxf6 54. Ne4+ Ke7 0-1

[Event "Ostravský koník 2014 - FIDE Open B"]
[Site "Ostrava, CZE"]
[Date "2014.05.01"]
[Round "6"]
[White "Bosnak, Ondrej"]
[Black "Alexandr, Petr"]
[Result "0-1"]
[WhiteElo "1471"]
[BlackElo "1666"]
[PlyCount "94"]

1. e4 a6 2. d4 b5 3. Bd3 Bb7 4. Nf3 Nf6 5. O-O e6 6. Qe2 Be7 7. Bg5 O-O 8. Nbd2
d6 9. Rfe1 c5 10. c3 c4 11. Bc2 Nbd7 12. e5 dxe5 13. dxe5 Ne8 14. Bxe7 Qxe7 15.
Ne4 h6 16. Rad1 Bd5 17. Rd2 Nc5 18. Red1 Nxe4 19. Bxe4 Nc7 20. Nd4 Qh4 21. Bxd5
Nxd5 22. g3 Qg5 23. Nf3 Qe7 24. Re1 Rad8 25. Nd4 Qc5 26. Red1 Rd7 27. Qg4 Qb6
28. Kh1 Rfd8 29. Re2 b4 30. Qf3 bxc3 31. bxc3 Nxc3 32. Qxc3 Rxd4 33. Red2 Rxd2
34. Rxd2 Rxd2 35. Qxd2 Qb1+ 36. Kg2 Qe4+ 37. Kg1 Qxe5 38. Kf1 Qd5 39. Ke2 a5
40. Qc3 e5 41. Qd2 Qd4 42. Qc2 e4 43. Qa4 Qd3+ 44. Ke1 c3 45. Qe8+ Kh7 46. Qxf7
Qd2+ 47. Kf1 Qd1+ 0-1

[Event "Ostravský koník 2014 - FIDE Open B"]
[Site "Ostrava, CZE"]
[Date "2014.05.01"]
[Round "6"]
[White "Bohanesova, Vendula"]
[Black "Krejcok, Tobias"]
[Result "1-0"]
[WhiteElo "1652"]
[BlackElo "1314"]
[PlyCount "117"]

1. d4 Nf6 2. Bf4 e6 3. e3 d5 4. Bd3 Bd6 5. Nf3 Nbd7 6. Ne5 O-O 7. O-O Qe7 8.
Nd2 c5 9. c3 c4 10. Bc2 Bxe5 11. dxe5 Ne8 12. Nf3 f6 13. Qd4 Nc7 14. exf6 Nxf6
15. Qe5 Nce8 16. Rad1 Nd7 17. Qh5 g6 18. Qh3 Ndf6 19. Be5 Nd7 20. Qg3 Qf7 21.
Rd4 Ng7 22. Rh4 Nf5 23. Bxf5 Qxf5 24. Bd6 Rf7 25. Nd4 Qf6 26. Rf4 Qh8 27. Nxe6
Rxf4 28. Qxf4 a5 29. Nc7 Ra7 30. Nxd5 Kg7 31. Qd4+ Kg8 32. Ne7+ Kf7 33. Qxh8
Nf6 34. Qxc8 Kg7 35. Qxc4 Ra6 36. Be5 Kf8 37. Qxa6 bxa6 38. Bxf6 Kf7 39. Bh4 h6
40. Nc6 g5 41. Bg3 Ke6 42. Rd1 Kf7 43. Rd6 h5 44. Ne5+ Ke7 45. Rxa6 h4 46. Bxh4
gxh4 47. c4 a4 48. c5 a3 49. bxa3 Kd8 50. Ra7 Kc8 51. f4 h3 52. gxh3 Kb8 53.
Rh7 Ka8 54. f5 Kb8 55. f6 Kc8 56. f7 Kb7 57. f8=Q+ Ka6 58. Qb8 Ka5 59. Ra7# 1-0

[Event "Ostravský koník 2014 - FIDE Open B"]
[Site "Ostrava, CZE"]
[Date "2014.05.01"]
[Round "6"]
[White "Kacir, Tomas"]
[Black "Filip, Tomas"]
[Result "0-1"]
[WhiteElo "1771"]
[BlackElo "1608"]
[PlyCount "20"]

1. d4 d5 2. c4 c6 3. Nc3 Nf6 4. Nf3 dxc4 5. a4 Bf5 6. Bg5 Ne4 7. Nxe4 Bxe4 8.
e3 Bxf3 9. gxf3 Qa5+ 10. Qd2 Qxg5 0-1

[Event "Ostravský koník 2014 - FIDE Open B"]
[Site "Ostrava, CZE"]
[Date "2014.05.01"]
[Round "6"]
[White "Nytra, Ondrej"]
[Black "Benes, Miroslav"]
[Result "1-0"]
[WhiteElo "1452"]
[BlackElo "2020"]
[PlyCount "61"]

1. e4 e6 2. d4 d5 3. e5 c5 4. c3 Nc6 5. Nf3 Bd7 6. Be2 Qc7 7. Bf4 f6 8. O-O h6
9. Na3 a6 10. Nh4 Nge7 11. Bh5+ Kd8 12. exf6 Qxf4 13. fxe7+ Nxe7 14. g3 Qd6 15.
Nf3 g6 16. Ne5 Be8 17. Bg4 h5 18. Bh3 Nf5 19. Re1 Rc8 20. dxc5 Rxc5 21. Bxf5
gxf5 22. Qd4 Rh7 23. Rad1 h4 24. b4 Rcc7 25. Nac4 Qe7 26. Qa7 b5 27. Qb8+ Rc8
28. Qb6+ Qc7 29. Qxe6 bxc4 30. Rxd5+ Bd7 31. Nf7+ 1-0

[Event "Ostravský koník 2014 - FIDE Open B"]
[Site "Ostrava, CZE"]
[Date "2014.05.01"]
[Round "6"]
[White "Klimes, Jan"]
[Black "Markova, Kristyna"]
[Result "1-0"]
[WhiteElo "1763"]
[BlackElo "1474"]
[PlyCount "39"]

1. e4 e5 2. Nf3 Nf6 3. Nc3 Bb4 4. d3 Nc6 5. Bd2 d6 6. Be2 Be6 7. O-O Qd7 8. a3
Bxc3 9. Bxc3 O-O 10. Ng5 h6 11. Nxe6 Qxe6 12. f4 Rfe8 13. h3 d5 14. fxe5 Nxe5
15. d4 Nc6 16. e5 Ne4 17. Bg4 Qe7 18. Bf5 Qg5 19. Bxe4 dxe4 20. Kh1 1-0

[Event "Ostravský koník 2014 - FIDE Open B"]
[Site "Ostrava, CZE"]
[Date "2014.05.01"]
[Round "6"]
[White "Nguyen, Thai Dai Vinh"]
[Black "Rychtecky, Pavel"]
[Result "1/2-1/2"]
[WhiteElo "1451"]
[BlackElo "1717"]
[PlyCount "58"]

1. d4 Nf6 2. Nc3 d5 3. Bg5 e6 4. e4 dxe4 5. Nxe4 Be7 6. Bxf6 Bxf6 7. Nf3 c6 8.
Bc4 O-O 9. O-O Nd7 10. c3 b5 11. Bb3 Bb7 12. Nd6 Qc7 13. Ne4 Be7 14. Re1 h6 15.
Rc1 Rac8 16. h3 a5 17. Bc2 Rfd8 18. Qe2 Qb6 19. Rcd1 Nf6 20. Nfd2 Qc7 21. Nxf6+
Bxf6 22. Ne4 Be7 23. Qd3 g6 24. Ng3 Rd6 25. Ne4 Rd5 26. Bb3 Rf5 27. Ng3 Rf6 28.
Ne4 Rf5 29. Ng3 Rf6 1/2-1/2

[Event "Ostravský koník 2014 - FIDE Open B"]
[Site "Ostrava, CZE"]
[Date "2014.05.01"]
[Round "6"]
[White "Koci, Tomas"]
[Black "Ocko, Dominik"]
[Result "1-0"]
[WhiteElo "1710"]
[BlackElo "1480"]
[PlyCount "115"]

1. e4 c5 2. c3 d5 3. exd5 Qxd5 4. d4 Nc6 5. Nf3 Bf5 6. Be3 e6 7. Bd3 Nf6 8. O-O
Be7 9. c4 Qd7 10. Bxf5 exf5 11. d5 Na5 12. b3 b6 13. Nc3 O-O 14. Qc2 Bd6 15. h3
Rfe8 16. Rfe1 h6 17. Bd2 a6 18. Ne2 Nb7 19. Nc3 Bc7 20. Qd3 Rad8 21. Rxe8+ Rxe8
22. Re1 Rxe1+ 23. Bxe1 g6 24. Bd2 Kg7 25. a4 Qe7 26. Qe3 Qxe3 27. Bxe3 Ne4 28.
Bd2 f6 29. Kf1 Nbd6 30. Ke2 Nxc3+ 31. Bxc3 Ne4 32. Be1 Kf7 33. Nd2 Be5 34. Kd3
Nxd2 35. Bxd2 g5 36. a5 b5 37. cxb5 axb5 38. a6 Bb8 39. Be3 Ba7 40. b4 c4+ 41.
Kc3 Bb8 42. a7 Bxa7 43. Bxa7 Ke7 44. Bb8 h5 45. f4 h4 46. Ba7 Kd6 47. Kd4 g4
48. Bc5+ Kd7 49. hxg4 fxg4 50. f5 h3 51. gxh3 gxh3 52. Ke4 Kc8 53. Bd6 Kd7 54.
Kf3 c3 55. Ke2 c2 56. Kd2 h2 57. Bxh2 c1=Q+ 58. Kxc1 1-0

[Event "Ostravský koník 2014 - FIDE Open B"]
[Site "Ostrava, CZE"]
[Date "2014.05.01"]
[Round "6"]
[White "Haska, Filip"]
[Black "Sandor, Stefan"]
[Result "1/2-1/2"]
[WhiteElo "1380"]
[BlackElo "1653"]
[PlyCount "71"]

1. e4 e5 2. Nf3 Nc6 3. Nc3 Nf6 4. d4 exd4 5. Nxd4 Nxd4 6. Qxd4 d6 7. Be3 Be7 8.
Bc4 O-O 9. O-O-O Ng4 10. h3 Nxe3 11. fxe3 Bf6 12. Qd3 Bxc3 13. Qxc3 Qe7 14. Bd5
Rb8 15. g4 b6 16. g5 Bb7 17. h4 Bxd5 18. exd5 f6 19. Rdg1 Rbc8 20. h5 fxg5 21.
h6 g6 22. Rxg5 Qf6 23. Kd2 Qxc3+ 24. Kxc3 Rce8 25. Rh3 Re5 26. Rxe5 dxe5 27.
Rh4 Kf7 28. Rc4 Rc8 29. d6 Ke6 30. Rxc7 Rxc7+ 31. dxc7 Kd7 32. Kc4 g5 33. Kd5
g4 34. Ke4 g3 35. Kf3 g2 36. Kxg2 1/2-1/2

[Event "Ostravský koník 2014 - FIDE Open B"]
[Site "Ostrava, CZE"]
[Date "2014.05.01"]
[Round "6"]
[White "Klecka, Ivo"]
[Black "Kopcova, Ludmila"]
[Result "1-0"]
[WhiteElo "1756"]
[BlackElo "1598"]
[PlyCount "55"]

1. d4 d5 2. c4 e6 3. Nc3 Nf6 4. Nf3 Nbd7 5. Bg5 c6 6. cxd5 exd5 7. e3 Be7 8.
Bd3 O-O 9. O-O Re8 10. Qc2 Nf8 11. Rfe1 g6 12. h3 Ne6 13. Bf4 Ng7 14. e4 dxe4
15. Nxe4 Nxe4 16. Bxe4 Bf5 17. Qb3 Qb6 18. Qc4 Bxe4 19. Rxe4 Qxb2 20. Rae1 Bf8
21. Ne5 Ne6 22. Nxf7 Kxf7 23. Rxe6 Rxe6 24. Qxe6+ Kg7 25. Be5+ Kh6 26. Qf7 Qb4
27. Bf4+ Kh5 28. Qxh7+ 1-0

[Event "Ostravský koník 2014 - FIDE Open B"]
[Site "Ostrava, CZE"]
[Date "2014.05.01"]
[Round "6"]
[White "Filip, Tomas"]
[Black "Stefanik, Petr"]
[Result "1-0"]
[WhiteElo "1595"]
[BlackElo "1456"]
[PlyCount "59"]

1. e4 c5 2. Nf3 e6 3. d4 cxd4 4. Nxd4 Bc5 5. Nc3 a6 6. Be3 Bb4 7. Nde2 Nf6 8.
f3 O-O 9. a3 Bxc3+ 10. Nxc3 h6 11. h4 d6 12. g4 Nh7 13. Qd2 Qf6 14. Be2 Qe7 15.
O-O-O Rd8 16. f4 Nc6 17. g5 g6 18. gxh6 Kf8 19. h5 Ke8 20. Bb6 Rd7 21. hxg6
fxg6 22. f5 g5 23. fxe6 Qxe6 24. Bh5+ Ke7 25. Nd5+ Kf8 26. Rdf1+ Kg8 27. Nf6+
Nxf6 28. Qxg5+ Kh8 29. Rxf6 Qxe4 30. Rf8+ 1-0

[Event "Ostravský koník 2014 - FIDE Open B"]
[Site "Ostrava, CZE"]
[Date "2014.05.01"]
[Round "6"]
[White "Laurincova, Kristyna"]
[Black "Bartos, Michal"]
[Result "1/2-1/2"]
[WhiteElo "1584"]
[BlackElo "1960"]
[PlyCount "91"]

1. e4 e6 2. d4 d5 3. Nd2 dxe4 4. Nxe4 Bd7 5. Nf3 Bc6 6. Bd3 Nd7 7. O-O Ngf6 8.
Nxf6+ Nxf6 9. c3 Be7 10. Ne5 Qd5 11. Nxc6 Qxc6 12. Qb3 a6 13. Be2 Rb8 14. Re1
O-O 15. Bc4 b5 16. Bxe6 fxe6 17. Rxe6 Qc4 18. Rxe7 Rbe8 19. Rxe8 Rxe8 20. Qxc4+
bxc4 21. Bf4 c6 22. Be5 Nd5 23. Kf1 c5 24. Re1 cxd4 25. Bxd4 Rb8 26. Re2 Nf4
27. Rd2 a5 28. g3 Nd3 29. b3 cxb3 30. axb3 Nc1 31. b4 axb4 32. Rb2 b3 33. c4 g6
34. c5 Kf7 35. Rb1 Na2 36. Ke2 Ke6 37. Kd3 Kd5 38. Be3 Rb4 39. f4 h5 40. h3 Rb8
41. Bf2 Rb4 42. Be3 Rb8 43. Bd4 Rb5 44. Bf2 Rb4 45. Be3 Rb8 46. Bf2 1/2-1/2

[Event "Ostravský koník 2014 - FIDE Open B"]
[Site "Ostrava, CZE"]
[Date "2014.05.01"]
[Round "6"]
[White "Mica, Marek"]
[Black "Sramek, Vojtech"]
[Result "1/2-1/2"]
[WhiteElo "1369"]
[BlackElo "1580"]
[PlyCount "68"]

1. d4 d5 2. c4 e6 3. Nc3 Nf6 4. Bg5 Nbd7 5. e3 c6 6. Nf3 Qa5 7. Rc1 Bb4 8. Bxf6
Nxf6 9. Qb3 O-O 10. Bd3 Bxc3+ 11. bxc3 c5 12. O-O Qc7 13. h3 b6 14. cxd5 Nxd5
15. Bc4 Bb7 16. Ne5 Ne7 17. f3 Nf5 18. Rfe1 Nh4 19. e4 Ng6 20. Nxg6 hxg6 21.
Qb2 Rfd8 22. Red1 Rd7 23. Qf2 Rad8 24. Bb5 Bc6 25. Bc4 Rd6 26. Bb3 Qb7 27. Qe3
Bb5 28. Qf2 Qa6 29. c4 Ba4 30. d5 Bxb3 31. axb3 Qb7 32. Qe2 Qe7 33. Kf1 e5 34.
Ra1 a5 1/2-1/2

[Event "Ostravský koník 2014 - FIDE Open B"]
[Site "Ostrava, CZE"]
[Date "2014.05.01"]
[Round "6"]
[White "Glacner, Karel"]
[Black "Stonavsky, Filip"]
[Result "0-1"]
[WhiteElo "1579"]
[BlackElo "1558"]
[PlyCount "132"]

1. Nf3 Nf6 2. g3 d5 3. d4 c5 4. Bg2 e6 5. O-O Nc6 6. b3 Be7 7. Bb2 Qb6 8. c4
dxc4 9. dxc5 Bxc5 10. Bxf6 gxf6 11. bxc4 Bd7 12. Nc3 Qa5 13. Ne4 Be7 14. Nd6+
Bxd6 15. Qxd6 Rd8 16. Qf4 Ke7 17. a3 h5 18. h4 e5 19. Qd2 Qc5 20. Qc3 Rhg8 21.
e3 Bf5 22. Rfe1 Rd3 23. Qb2 b6 24. Qb5 Na5 25. Qxc5+ bxc5 26. Red1 Rgd8 27.
Rxd3 Rxd3 28. Bf1 Rc3 29. Nd2 Rc2 30. Rd1 Ra2 31. Be2 Bg6 32. g4 hxg4 33. Bxg4
f5 34. Be2 Rxa3 35. h5 Bh7 36. Nf3 f6 37. Nh4 Nc6 38. Ng6+ Bxg6 39. hxg6 Rb3
40. Rd5 Rb7 41. Rxc5 Nd8 42. Bf1 Ne6 43. Rc8 Rc7 44. Rh8 a5 45. Ra8 Rc5 46.
Ra7+ Nc7 47. Bh3 f4 48. Bf1 fxe3 49. fxe3 e4 50. Kf2 Kf8 51. Be2 Kg7 52. Bh5
Kh6 53. Ke2 a4 54. Kd2 a3 55. g7 Kxg7 56. Be2 Kg6 57. Rxa3 f5 58. Ra1 Rc6 59.
Rg1+ Kf6 60. Kc3 Ke5 61. Rd1 Ne6 62. Rd5+ Kf6 63. Rd1 Nc7 64. Rf1 Ke5 65. Rd1
Ne6 66. Rd5+ Kf6 0-1

[Event "Ostravský koník 2014 - FIDE Open B"]
[Site "Ostrava, CZE"]
[Date "2014.05.01"]
[Round "6"]
[White "Vyvial, Patrik"]
[Black "Gresova, Zuzana"]
[Result "1-0"]
[WhiteElo "1323"]
[BlackElo "1550"]
[PlyCount "103"]

1. d4 d5 2. Bg5 c6 3. Nc3 Bf5 4. e3 Nd7 5. Bd3 Bg6 6. Nf3 Ngf6 7. Qd2 e6 8. O-O
Qc7 9. Rfe1 Bd6 10. e4 dxe4 11. Bxe4 O-O-O 12. a3 Bxe4 13. Nxe4 Nxe4 14. Rxe4
f6 15. Bf4 Bxf4 16. Qxf4 Qxf4 17. Rxf4 Rhe8 18. Re1 e5 19. dxe5 Nxe5 20. Nxe5
Rxe5 21. Kf1 Rde8 22. Rxe5 Rxe5 23. Rh4 h5 24. Ra4 a6 25. f3 Kc7 26. Re4 Kd6
27. Ke2 f5 28. Rxe5 Kxe5 29. Ke3 g5 30. h3 c5 31. g3 c4 32. f4+ gxf4+ 33. gxf4+
Kd5 34. h4 c3 35. b3 b6 36. Kd3 a5 37. a4 b5 38. axb5 Kc5 39. Kxc3 Kxb5 40. Kd4
Kb4 41. Kd3 Kb5 42. c3 Kc5 43. b4+ axb4 44. cxb4+ Kxb4 45. Kd4 Kb5 46. Ke5 Kc5
47. Kxf5 Kd5 48. Kf6 Ke4 49. Kg5 Kd5 50. f5 Ke5 51. f6 Ke6 52. Kg6 1-0

[Event "Ostravský koník 2014 - FIDE Open B"]
[Site "Ostrava, CZE"]
[Date "2014.05.01"]
[Round "6"]
[White "Odstrcil, Lukas"]
[Black "Chlebek, Jan"]
[Result "0-1"]
[WhiteElo "1220"]
[BlackElo "1543"]
[PlyCount "116"]

1. e4 c5 2. Nf3 d6 3. d4 cxd4 4. Nxd4 Nf6 5. Nc3 g6 6. Be3 Bg7 7. f3 O-O 8. Qd2
Nc6 9. O-O-O Nd7 10. Nxc6 bxc6 11. Bd4 Nb6 12. Bxg7 Kxg7 13. h4 h6 14. Be2 Rb8
15. g4 Qc7 16. b3 Qb7 17. f4 f6 18. f5 g5 19. hxg5 hxg5 20. Rh5 Rg8 21. Rdh1
Nd7 22. Rh7+ Kf8 23. Bc4 d5 24. exd5 Ne5 25. Be2 cxd5 26. Qxd5 Qxd5 27. Nxd5
Bb7 28. Rd1 Nf7 29. Nc7 Bc6 30. a4 Rh8 31. Rxh8+ Nxh8 32. Ne6+ Kg8 33. Rd8+
Rxd8 34. Nxd8 Bg2 35. c4 Kf8 36. Nc6 Ke8 37. Nd4 Nf7 38. Bf3 Bh3 39. Nc6 a6 40.
Nb4 Ne5 41. Be2 a5 42. Nd3 Nxg4 43. Nc5 Ne5 44. Nb7 Nc6 45. Bf3 Nd4 46. Bd1
Bxf5 47. Nxa5 Bd7 48. b4 f5 49. b5 Kd8 50. Nb3 Nxb3+ 51. Bxb3 g4 52. b6 g3 53.
a5 g2 54. b7 g1=Q+ 55. Kb2 Kc7 56. a6 Qb6 57. c5 Qxa6 58. c6 Bxc6 0-1

[Event "Ostravský koník 2014 - FIDE Open B"]
[Site "Ostrava, CZE"]
[Date "2014.05.01"]
[Round "6"]
[White "Tatarcik, Vladimir"]
[Black "Crha, Bretislav"]
[Result "0-1"]
[WhiteElo "1889"]
[BlackElo "1799"]
[PlyCount "94"]

1. b4 e5 2. Bb2 Bxb4 3. Bxe5 Nf6 4. c4 O-O 5. Nc3 Bxc3 6. Bxc3 d5 7. Bxf6 Qxf6
8. cxd5 c6 9. d4 cxd5 10. e3 Nc6 11. Bd3 Re8 12. Nf3 Bg4 13. O-O a6 14. Rc1
Rac8 15. Rc5 Nb4 16. Rxc8 Rxc8 17. Bb1 Bxf3 18. gxf3 Nc6 19. f4 Ne7 20. Qh5 g6
21. Qg5 Qxg5+ 22. fxg5 Rc3 23. Kg2 b5 24. Kf3 Nc6 25. Rd1 Kf8 26. Kf4 Ke8 27.
f3 Kd7 28. h4 Kd6 29. e4 Rc4 30. Ke3 Rc3+ 31. Bd3 Ra3 32. exd5 Nb4 33. Ke4 Nxa2
34. Rd2 Nc3+ 35. Kf4 Nxd5+ 36. Kg3 Ne3 37. Kf4 Nd5+ 38. Kg3 b4 39. h5 b3 40.
Rb2 a5 41. hxg6 hxg6 42. f4 a4 43. f5 gxf5 44. Bxf5 Ra2 45. Rb1 Nc3 46. Rh1
Ne2+ 47. Kg4 Nxd4 0-1

[Event "Ostravský koník 2014 - FIDE Open B"]
[Site "Ostrava, CZE"]
[Date "2014.05.01"]
[Round "6"]
[White "Kosar, Attila"]
[Black "Neumann, Filip"]
[Result "1/2-1/2"]
[WhiteElo "1831"]
[BlackElo "1370"]
[PlyCount "86"]

1. e4 c5 2. Nf3 d6 3. Nc3 e6 4. d4 cxd4 5. Nxd4 a6 6. Be2 Nf6 7. Bg5 Be7 8. Nf3
O-O 9. O-O b5 10. a3 Bb7 11. Bd3 Nfd7 12. Bf4 Nc5 13. Rc1 Nbd7 14. Qe2 Nxd3 15.
Qxd3 Nf6 16. Rfd1 e5 17. Bg5 Ne8 18. Bxe7 Qxe7 19. Nd5 Bxd5 20. Qxd5 Rc8 21. c3
Qc7 22. Rd2 Qc6 23. h3 Qxd5 24. Rxd5 Rc5 25. Rcd1 Rxd5 26. Rxd5 f6 27. Nd2 Kf7
28. f3 Ke6 29. g4 Nc7 30. Rd3 Rd8 31. Kf2 Rd7 32. Nb3 Ke7 33. Na5 d5 34. Ke3
dxe4 35. Rxd7+ Kxd7 36. Kxe4 Ne6 37. Nb3 Kc6 38. h4 g6 39. Na5+ Kb6 40. b4 Nf4
41. Nb3 Ne2 42. Kd3 Nf4+ 43. Ke4 Ne2 1/2-1/2

[Event "Ostravský koník 2014 - FIDE Open B"]
[Site "Ostrava, CZE"]
[Date "2014.05.01"]
[Round "6"]
[White "Opela, Radek"]
[Black "Petrov, Nikolaj"]
[Result "0-1"]
[WhiteElo "1329"]
[BlackElo "1777"]
[PlyCount "64"]

1. d4 Nf6 2. c4 g6 3. Nc3 Bg7 4. e4 d6 5. f3 c6 6. Bd3 Nbd7 7. Be3 e5 8. d5
cxd5 9. cxd5 O-O 10. Nge2 a6 11. g4 b5 12. Ng3 Nc5 13. Rc1 Nxd3+ 14. Qxd3 Nd7
15. h4 Nb6 16. b3 Bd7 17. h5 b4 18. Nce2 Bb5 19. Qd2 Rc8 20. hxg6 fxg6 21. Bh6
Qe7 22. Bxg7 Qxg7 23. Kf2 Nd7 24. Rcg1 Nf6 25. Nf5 Qa7+ 26. Ke1 gxf5 27. g5
Nxe4 28. fxe4 fxe4 29. Ng3 e3 30. Qd1 Qc5 31. Ne2 Bxe2 32. Qxe2 Qc3+ 0-1

[Event "Ostravský koník 2014 - FIDE Open B"]
[Site "Ostrava, CZE"]
[Date "2014.05.01"]
[Round "6"]
[White "Szabo, Pavel"]
[Black "Szotkowski, David"]
[Result "1-0"]
[WhiteElo "1720"]
[BlackElo "1300"]
[PlyCount "100"]

1. d4 Nf6 2. c4 g6 3. Nc3 Bg7 4. e4 d6 5. Nf3 Nbd7 6. Be2 O-O 7. O-O c5 8. h3
b6 9. d5 Ba6 10. Be3 Qc7 11. Rc1 Rfe8 12. a3 Rab8 13. b3 Ne5 14. Nxe5 dxe5 15.
f4 Bh6 16. Qd2 exf4 17. Bxf4 Bxf4 18. Qxf4 Qxf4 19. Rxf4 Nh5 20. Bxh5 gxh5 21.
Rf5 b5 22. cxb5 Bxb5 23. Rg5+ Kh8 24. Rg3 Rec8 25. Nxb5 Rxb5 26. Rgc3 Rcb8 27.
Rxc5 Rxb3 28. a4 Rb1 29. Rxb1 Rxb1+ 30. Kf2 Rb7 31. Ke3 Kg7 32. h4 Kf6 33. Kd4
e5+ 34. Kc3 Ke7 35. Kc2 f6 36. Rc6 h6 37. Rc4 Rd7 38. Kd3 Rb7 39. g3 Rd7 40. a5
Rb7 41. Rc6 Kf7 42. Ra6 Ke7 43. Rc6 Rd7 44. a6 Kf7 45. Kc4 Re7 46. d6 Re8 47.
Kd5 Rb8 48. Rc7+ Kg6 49. Rb7 Rc8 50. d7 Rd8 1-0

[Event "Ostravský koník 2014 - FIDE Open B"]
[Site "Ostrava, CZE"]
[Date "2014.05.01"]
[Round "6"]
[White "Volcik, Milan"]
[Black "Lipka, Petr"]
[Result "1/2-1/2"]
[WhiteElo "1670"]
[BlackElo "1676"]
[PlyCount "33"]

1. e4 c6 2. d4 d6 3. Nf3 Bg4 4. Nc3 Qc7 5. Be2 Nd7 6. O-O Ngf6 7. h3 Bh5 8. Be3
e5 9. Qd2 Bg6 10. Bd3 Be7 11. a3 h6 12. Nh2 d5 13. dxe5 Nxe5 14. f4 Nxd3 15.
cxd3 dxe4 16. f5 Bh7 17. dxe4 1/2-1/2

[Event "Ostravský koník 2014 - FIDE Open B"]
[Site "Ostrava, CZE"]
[Date "2014.05.01"]
[Round "6"]
[White "Carbol, Otmar"]
[Black "Mikulencakova, Jana"]
[Result "1-0"]
[WhiteElo "1683"]
[BlackElo "1595"]
[PlyCount "87"]

1. c4 e5 2. Nc3 Nf6 3. g3 c6 4. Bg2 d5 5. Qb3 dxc4 6. Qxc4 Be6 7. Qa4 Nbd7 8.
d3 b5 9. Qa6 Nd5 10. Nxd5 cxd5 11. Bd2 Qb6 12. Qxb6 Nxb6 13. Nf3 Nd7 14. Rc1
Be7 15. O-O O-O 16. Ng5 Bxg5 17. Bxg5 h6 18. Be7 Rfc8 19. b4 Nb6 20. a3 Rxc1
21. Rxc1 Rc8 22. Rxc8+ Nxc8 23. Bc5 a6 24. f4 exf4 25. gxf4 f5 26. Kf2 Kf7 27.
Ke3 Ne7 28. Bxe7 Kxe7 29. Bf3 Kd6 30. h4 Kc6 31. Bh5 Kb6 32. Kd4 Kc6 33. Ke5
Kd7 34. Bg6 Ke7 35. Bxf5 Bxf5 36. Kxf5 Kf7 37. Ke5 d4 38. Kxd4 Ke6 39. e4 g6
40. Ke3 Kd6 41. d4 h5 42. Kd3 Ke6 43. d5+ Kd6 44. Kd4 1-0